zpět

Detail výsledku týmu

Třiadvacítka, Mělník

Datum a čas kvízu

25 Celkem bodů Celkový počet nahraných bodů na tomto kvízu bez doplňovacích otázek.
7. Pořadí na kvízu Konečné umístění týmu na tomto kvízu.

Zaznamenané odpovědi

# Otázka Odpověď Body Výsledky
1. Která významná osobnost spjatá... Ursula von der Leyen 0
2. Tři zloději v Peru si chtěli v... všechny boty byly na jednu nohu 1
3. V pondělí se v Metropolitním m... Met Gala 1
4. Která v Česku podnikající spol... Škoda Auto 1
5. Ester Ledecké zřejmě dvě sport... biatlon 0
6. Květnové kalendárium začneme o... Litoměřice 1
7. Dne 11. května 1960 byl izrael... v Argentině 1
8. Jak se jmenuje tento muž, jenž... George Lucas 0
9. Ve kterém sudém roce došlo dne... 2006 0
10. Dne 29. května 1886 byla v den... Coca-Colu 0